| 000 | 00617nam a22002057a 4500 | ||
|---|---|---|---|
| 005 | 20251108164235.0 | ||
| 008 | 250721s1998 xx 000 0 ara d | ||
| 082 | 1 | 4 | _a621.3/مور |
| 100 | 1 | _aموريس، نويل | |
| 245 | 1 | 0 | _aالدوائر الكهربائية / |
| 246 | 1 | 1 | _aElectric circuits |
| 264 | 1 |
_aعمان : _bدار صفاء، _c1998. |
|
| 300 | _a504ص | ||
| 650 | 1 | 7 | _aالهندسة الكهربائية |
| 650 | 1 | 7 | _aالدوائر الكهربائية |
| 700 | 1 | _aسينور، فرانك | |
| 700 | 1 |
_aعواد، محمود سلامة _eترجمة |
|
| 942 |
_2ddc _cBK |
||
| 999 |
_c7231 _d7231 |
||